000 00376nam a2200133Ia 4500
008 100328s9999 xx 000 0 und d
082 _b67616
100 _aठाकूर दिलीप.
245 _aअप्परस्टॉल.
260 _bआमोद.
630 _aअप्परस्टॉल.
730 _aअप्परस्टॉल.
942 _cBOOK
999 _c553355
_d553352